Normal view MARC view
  • MANN, DR.RAJINDER AND CHOPADE, DR.VITTHAL VISHRAM

Entry Personal Name

Number of records used in: 1

001 - CONTROL NUMBER

  • control field: 8547

003 - CONTROL NUMBER IDENTIFIER

  • control field: JRU

005 - DATE AND TIME OF LATEST TRANSACTION

  • control field: 20240919130732.0

008 - FIXED-LENGTH DATA ELEMENTS

  • fixed length control field: 240919|| aca||aabn | a|a d

040 ## - CATALOGING SOURCE

  • Original cataloging agency: JRU
  • Transcribing agency: JRU

100 ## - HEADING--PERSONAL NAME

  • Personal name: MANN, DR.RAJINDER AND CHOPADE, DR.VITTHAL VISHRAM

670 ## - SOURCE DATA FOUND

  • Source citation: Work cat.: (JRU)8676: MANN, DR.RAJINDER AND CHOPADE, DR.VITTHAL VISHRAM, PHARMACEUTICAL REGULATORY SCIENCE [ B.PHARMA, 8 8TH. SEMESTER ]